La prosa narrativa de Jorge Luis Borges

Uloženo v:
Podrobná bibliografie
Hlavní autor: Alazraki, Jaime (Autor)
Médium: Kniha
Jazyk:španělština
Vydáno: Madrid Gredos 1974
Vydání:2a. ed
Edice:Biblioteca Románica Hispánica
Témata:
Tagy: Přidat tag
Žádné tagy, Buďte první, kdo vytvoří štítek k tomuto záznamu!

MARC

LEADER 00000nam a2200000 a 4500
001 UCP7557
003 CL-VaPUC
008 991217e19740000SP |||||||||||||||||spa|d
082 0 4 |a Ar863.09  |b ALA  |2 21 
100 0 |a Alazraki, Jaime  |e author  |9 436990 
245 1 3 |a La prosa narrativa de Jorge Luis Borges 
250 |a 2a. ed 
300 |a 437 p 
942 |c BK 
945 |d 19991217 00:00:00  |a rherrera 
260 |a Madrid  |b Gredos  |c 1974 
600 0 |a Borges, Jorge Luis  |e autor  |9 322093 
650 7 |a NOVELA ARGENTINAS  |2 CL-VaPUC  |9 436991 
650 7 |a PROSA ARGENTINA  |2 CL-VaPUC  |9 320595 
650 0 |a Crítica e interpretación   |9 255042 
583 |a last modification  |c 19991217 00:00:00  |k Rodrigo Vera 
490 0 |a Biblioteca Románica Hispánica 
999 |c 284679  |d 284677 
952 |0 0  |1 0  |4 0  |6 AR_863_090000000000000_ALA_1974  |7 0  |8 A  |9 328855  |a BIBHIS  |b BIBHIS  |d 2019-11-20  |i 1379089  |o Ar863.09 ALA 1974  |p 1379089  |r 2025-01-20  |w 2019-11-20  |y BK  |k HIS